Catalog

Record Details

Catalog Search



The Amish bride #3 [Large Print] / Mindy Starns ... Read More

Gould, Leslie, 1962-(Added Author).

Available copies

  • 0 of 1 copy available at LARL/NWRL Consortium.

Current holds

0 current holds with 1 total copy.

Show All Copies
Location Call Number / Copy Notes Barcode Shelving Location Status Due Date

Record details

  • ISBN: 9781611734911 (library binding : alk. paper)
  • ISBN: 1611734916 (library binding : alk. paper)
  • Physical Description: 494 p. (large print) ; 23 cm.
  • Publisher: Thorndike, Maine : Center Point Publishing, 2012.
Subject: Amish > Fiction.
Lancaster County (Pa.) > Fiction.
Large type books.
Genre: Christian fiction.
Love stories.
LDR 01370cam a22003858i 4500
001146476
003LARL_NWRL_CONSORTIUM
00520120928124651.0
008120306r20122012meu d 000 1 eng
020 . ‡a9781611734911 (library binding : alk. paper)
020 . ‡a1611734916 (library binding : alk. paper)
035 . ‡a(OCoLC)779530095
042 . ‡apcc
043 . ‡an-us-pa
049 . ‡aNRGE
08200. ‡a813/.6 ‡223
1001 . ‡aClark, Mindy Starns. ‡0(LARL_NWRL_CONSORTIUM)120640
24514. ‡aThe Amish bride ‡n#3 ‡h[Large Print] / ‡cMindy Starns Clark and Leslie Gould.
260 . ‡aThorndike, Maine : ‡bCenter Point Publishing, ‡c2012.
300 . ‡a494 p. (large print) ; ‡c23 cm.
4900 . ‡aWomen of Lancaster County ; ‡v3
650 0. ‡aAmish ‡vFiction. ‡0(LARL_NWRL_CONSORTIUM)163281
651 0. ‡aLancaster County (Pa.) ‡vFiction.
650 0. ‡aLarge type books. ‡0(LARL_NWRL_CONSORTIUM)24284
655 7. ‡aChristian fiction. ‡2gsafd
655 7. ‡aLove stories. ‡2gsafd
7001 . ‡aGould, Leslie, ‡d1962- ‡0(LARL_NWRL_CONSORTIUM)190678
901 . ‡a146476 ‡bOCLC ‡c146476 ‡tbiblio

Additional Resources